Bezpečnost na silnicích a pojištění vozidel v EU

Smernice EÚ týkajúce sa poistenia vozidiel. Smernice o bezpečnosti chodcov. Vydávanie Európskej listiny pravidiel bezpečnosti na cestách. Zapojenie CEA do procesu zlepšovania bezpečnosti účastníkov cestnej premávky.

Enregistré dans:
Détails bibliographiques
Auteur principal: Pospíšilová, Jana
Format: Chapitre de livre
Langue:tchèque
Sujets:
Tags: Ajouter un tag
Pas de tags, Soyez le premier à ajouter un tag!

MARC

LEADER 00000naa$a2200000$$$4500
001 0008714
005 20230927101321.0
041 0 |a cze 
044 |a CZ 
245 1 0 |a Bezpečnost na silnicích a pojištění vozidel v EU  |c aut. Jana Pospíšilová 
520 |a Smernice EÚ týkajúce sa poistenia vozidiel. Smernice o bezpečnosti chodcov. Vydávanie Európskej listiny pravidiel bezpečnosti na cestách. Zapojenie CEA do procesu zlepšovania bezpečnosti účastníkov cestnej premávky. 
610 2 0 |a Európska únia 
610 2 0 |a bezpečnosť dopravy 
610 2 0 |a doprava cestná 
610 2 0 |a poistenie neživotné 
610 2 0 |a poistenie vozidiel motorových 
610 2 0 |a CEA 
100 1 |a Pospíšilová, Jana